Phir achaanak yoon howa (Record no. 571904)

000 -LEADER
fixed length control field 00487nam a22001817a 4500
003 - CONTROL NUMBER IDENTIFIER
control field CEME
005 - DATE AND TIME OF LATEST TRANSACTION
control field 20210628203030.0
008 - FIXED-LENGTH DATA ELEMENTS--GENERAL INFORMATION
fixed length control field 210128b xxu||||| |||| 00| 0 eng d
020 ## - INTERNATIONAL STANDARD BOOK NUMBER
International Standard Book Number 9693518233
040 ## - CATALOGING SOURCE
Transcribing agency .
082 ## - DEWEY DECIMAL CLASSIFICATION NUMBER
Classification number 891.4392 BAN
100 ## - MAIN ENTRY--PERSONAL NAME
Personal name Bano Qudsia
9 (RLIN) 9437
245 ## - TITLE STATEMENT
Title Phir achaanak yoon howa
260 ## - PUBLICATION, DISTRIBUTION, ETC.
Place of publication, distribution, etc. LAHORE
Name of publisher, distributor, etc. SANG-E-MEEL
Date of publication, distribution, etc. 2006
300 ## - PHYSICAL DESCRIPTION
Extent 368P
650 ## - SUBJECT ADDED ENTRY--TOPICAL TERM
Topical term or geographic name entry element URDU ADAB-DRAMA.MODERN URDU LITERATURE.URDU ADAB-PHIR ACHAANAK YOON HOWA
9 (RLIN) 62960
942 ## - ADDED ENTRY ELEMENTS (KOHA)
Koha item type Book
Source of classification or shelving scheme
Holdings
Withdrawn status Lost status Damaged status Not for loan Permanent Location Current Location Shelving location Date acquired Total Checkouts Full call number Barcode Checked out Date last seen Date last checked out Price effective from Koha item type
        College of Electrical & Mechanical Engineering (CEME) College of Electrical & Mechanical Engineering (CEME) General Stacks 07/24/2017 2 891.4392 BAN CEME-45573 02/13/2026 01/14/2026 01/14/2026 06/28/2021 Book
© 2023 Central Library, National University of Sciences and Technology. All Rights Reserved.